Statystyki dla Top 15 największych państw (dla grafa i geomexa)

Kliknij tutaj aby rozwiązać quiz!

Ogólne statystyki

  • Ten quiz został rozwiązany 421 razy
  • Średni wynik to 12 z 15

Statystyki odpowiedzi

HintOdpowiedź% Poprawnych
17,098,242 km²Rosja
100%
9,706,961 km²Chiny
99%
9,984,670 km²Kanada
99%
9,372,610 kmStany Zjednoczone
98%
8,515,767 km²Brazylia
97%
2,780,400 km²Argentyna
91%
3,287,260 km²Indie
91%
7,741,220 km²Australia
90%
2,724,902 km²Kazachstan
84%
1,964,375 kmMeksyk
82%
2,381,741 km²Algieria
75%
2,344,858 km²Demokratyczna Republika Konga
74%
2,149,690 km²Arabia Saudyjska
70%
1,904,569 km²Indonezja
67%
2,344,858 km²Grenlandia
33%

Rozkład punktacji

Percentyl według liczby udzielonych odpowiedzi

Procent ludzi z każdym wynikiem

Twoja historia wyników

Nie rozwiązałeś tego quizu